Geography Quiz

Random Geography or City Quiz
Score 0/300 Timer 08:00
0 Plays Today
Rank City/Town % Correct
272Castlebellingham
98.7%
228Kilcormac (Frankford)
98.3%
30Carrigaline
97.4%
201Ballygeary (Rosslare Harbour)
97.3%
167Killorglin
97.1%
282Ballinamore
97%
88Ballybofey-Stranorlar
96.9%
55Ballinasloe
96.7%
153Ballaghaderreen
96.6%
37Ballina
96.4%
186Ballina
96.4%
139Ballinrobe
96.4%
271Meathas Truim (Mostrim\ Edgeworthstown)
96.4%
93Dunshaughlin
96.2%
234Ballisodare
96.1%
149Castlecomer-Donaguile
96.1%
217Lanesborough-Ballyleague
96.1%
85Carrickmacross
96%
103Ballyshannon
95.8%
81Portarlington
95.5%
253Ballymore Eustace
95.5%
10Killarney
95.5%
79Newcastle West
95.4%
221Ardnacrusha (Castlebank)
95.2%
108Newtownmountkennedy
95.2%
164Kilmallock
95.2%
61Kildare
95.2%
235Falcarragh (Cross Roads)
95.1%
275Killenaule
95.1%
262Aghada-Farsid-Rostellan
95%
136Carndonagh
95%
230Castletownbere
95%
131Dunmore East
95%
116Carrick-on-Shannon
94.9%
258Kilfinane
94.9%
147Newmarket-on-Fergus
94.9%
87Clonakilty
94.8%
190Killaloe
94.8%
292Ballycannan
94.8%
189Stradbally
94.8%
40Enniscorthy
94.6%
166Bunclody-Carrickduff
94.5%
119Castleisland
94.5%
219Crossmolina
94.5%
267Charlestown-Bellahy
94.3%
155Killybegs
94.2%
294Killala
94.2%
224Castlepollard
94.2%
180Baltinglass
94.1%
13Kilkenny
94.1%
50Rathluirc (Charleville)
94.1%
173Ballybunion
94%
290Newtowncunningham
93.9%
296Ballygar
93.9%
148Kilcullen
93.9%
232Ballyjamesduff
93.8%
246Carnew
93.7%
20Droichead Nua (Newbridge)
93.7%
1Dublin
93.7%
143Dunmanway
93.7%
239Kilmacanogue
93.7%
212Ballymote
93.5%
241Ballymahon
93.4%
162Ballyhaunis
93.4%
249Ballivor
93.2%
115Kill
93.2%
244Ballyragget
93.2%
300Ballybay
93.2%
270Castledermot
93.1%
274Kilmacthomas
93.1%
192Newcastle
93.1%
237Newcastle
93.1%
208Kiltimagh
93.1%
172Mountrath
92.9%
293Kilbeggan
92.9%
98Kilcoole
92.8%
32Balbriggan
92.8%
151Rathnew
92.7%
170Castleconnell
92.4%
63Laytown-Bettystown-Mornington
92.3%
47Dungarvan
92.1%
129Rathangan
92.1%
268Urlingford
92.1%
112Donegal
92%
69Bandon
91.9%
64Carrick-on-Suir
91.8%
5Waterford
91.6%
204Castlebridge
91.4%
163Crosshaven
91.4%
101Kilcock
91.3%
96Castleblayney
91.3%
295Leighlinbridge
91.2%
23Mullingar
91.1%
194Rathdowney
91%
123Claremorris
90.9%
107Monasterevan
90.9%
220Manorhamilton
90.9%
225Newport
90.7%
62Westport
90.6%
52New Ross
90.5%
Rank City/Town % Correct
133Portrane
90.4%
154Carrigtwohill
90.4%
29Castlebar
90.3%
206Strandhill
90.2%
256Castlefin
90.1%
227Ennistymon
90.1%
106Castlerea
90%
105Kilrush
90%
100Cashel
89.9%
16Carlow
89.9%
110Rathcoole
89.8%
75Roscommon
89.7%
181Kilkee
89.7%
165Rathkeale
89.6%
199Newmarket
89.5%
24Letterkenny
89.3%
3Limerick
89.2%
193Rosslare
89.2%
288Mount Bellew
89%
42Portmarnock
88.9%
126Enniskerry
88.8%
46Longford
88.8%
152Graiguenamanagh-Tinnahinch
88.7%
218Oldcastle
88.6%
203Dunleer
88.5%
216Dungloe
88.3%
159Rathdrum
88.2%
65Dunboyne
88%
6Dundalk
87.9%
58Monaghan
87.9%
269Bennettsbridge
87.7%
298Strokestown
87.6%
77Ceannanus Mór (Kells)
87.5%
245Dunlavin
87.4%
299Carraroe
87.4%
86Ratoath
87.3%
248Doneraile
87.3%
125Clones
87.3%
285Moneenroe
87.1%
25Portlaoise
87%
97Sallins
87%
18Wexford
86.7%
22Athlone
86.7%
2Cork
86.7%
102Muinebeag (Bagenalstown)
86.3%
257Ardfinnan
86.2%
90Mountmellick
86.2%
140Thomastown
85.9%
41Mallow
85.7%
213Belmullet
85.7%
168Ashford
85.6%
157Bunbeg-Derrybeg
85.6%
161Rochfortbridge
85.5%
205Granard
85.4%
250Milford
85.4%
84Donabate
85.3%
44Tramore
85.1%
28Greystones
85%
209Patrickswell
85%
141Banagher
85%
183Oughterard
84.9%
78Clane
84.5%
247Scarriff
84.3%
19Clonmel
84.2%
286Inniscrone
84.2%
122Kinsealy-Drinan
83.9%
91Mitchelstown
83.9%
179Millstreet
83.6%
284Innishannon
83.6%
277Headford
83.5%
266Freshford
83.4%
38Wicklow
83.3%
156Lifford
83.2%
289Loughshinny
83.2%
146Swinford
82.8%
109Blessington
82.3%
185Ferbane
81.9%
223Clogherhead
81.7%
120Athenry
81.7%
263Rosses Point
81.6%
229Foxford
81.4%
82Listowel
81.4%
187Portlaw
81.4%
68Buncrana
81.4%
73Roscrea
81.2%
236Fountainstown
81.2%
182Portumna
81.1%
281Ardfert
81.1%
31Tullamore
81%
176Kingscourt
81%
158Fethard
80.9%
214Dromiskin
80.6%
188Lismore
80.3%
238Tallow
80.3%
127Kenmare
80.3%
104Clara
79.9%
174Sixmilebridge
79.7%
74Edenderry
79.7%
4Galway
79.4%
175Callan
78.8%
Rank City/Town % Correct
142Athboy
78.7%
283Cappamore
78.6%
45Midleton
78.4%
113Tullow
78.3%
134Oranmore
78.3%
128Bundoran
78.1%
144Prosperous
78%
222Askeaton
77.5%
259Stamullen
77.4%
177Kinnegad
77.4%
57Athy
77%
291Cratloe
77%
43Shannon
76.6%
95Macroom
76.5%
89Kinsale
76.5%
195Adare
76.4%
12Tralee
76.4%
200Ramelton
75.4%
92Bantry
74.8%
297Passage East
74.3%
260Piltown
74.1%
114Templemore
73.9%
178Belturbet
73.5%
11Ennis
73.3%
80Loughrea
73.2%
137Bailieborough
72.7%
83Ardee
72%
251Derrinturn
71.5%
35Arklow
71.5%
255Cloyne
71.4%
121Blarney
71.1%
198Croom
70.9%
56Cavan
70.8%
160Abbeyleix
70.2%
243Lisdoonvarna
70%
21Celbridge
69.8%
124Skibbereen
69.5%
242Slane
68.7%
132Cootehill
68.7%
240Borrisokane
68.3%
169Clifden
68.2%
70Tipperary
68.1%
287Summerhill
67.8%
67Dingle
66.9%
39Skerries
66.8%
71Fermoy
66.4%
54Ashbourne
66.2%
191Tubbercurry
65.7%
210Buttevant
65.7%
33Cahersiveen
64.8%
7Drogheda
64.5%
254Mohill
64.4%
27Malahide
64.2%
9Swords
63.8%
135Abbeyfeale
63.6%
150Moville
63.5%
211Ferns
62.8%
226Moycullen
62.4%
53Nenagh
61.2%
15Navan
60.6%
51Youghal
60.1%
66Gorey
59.2%
26Leixlip
58.6%
118Duleek
58.4%
94Tower
58.3%
261Daingean
58.1%
280Tinahely
56.9%
59Trim
56.8%
265Cappoquin
56.1%
252Glenties
55.1%
14Sligo
55%
8Bray
54.3%
130Gort
52%
72Passage
49.7%
99Cahir
49.4%
34Maynooth
49.3%
231Aughrim
48.3%
48Thurles
48.3%
233Mooncoin
47.4%
138Kanturk
47%
171Annacotty
45.3%
279Schull
45.1%
117Boyle
44.3%
202Convoy
42.1%
278Bruff
40.6%
145Moate
39.5%
215Raphoe
37.5%
273Durrow
36.2%
36Cobh
33.8%
76Birr
33.1%
207Delvin
32.6%
184Hospital
32.5%
60Tuam
27.9%
264Muff
26.4%
17Naas
25.9%
196Virginia
25.5%
49Rush
23.6%
197Enfield
22.3%
111Lusk
18.4%
276Rhode
12.9%
Remove Ads.
Support Sporcle.
Get the best of Sporcle when you Go Orange. This ad-free experience offers more features, more stats, and more fun while also helping to support Sporcle. Thank you for becoming a member.

You're not logged in!

Compare scores with friends on all Sporcle quizzes.
OR
Log In

Show Comments

Extras

Top Quizzes Today


Score Distribution

Your Account Isn't Verified!

In order to create a playlist on Sporcle, you need to verify the email address you used during registration. Go to your Sporcle Settings to finish the process.

Report this User

Report this user for behavior that violates our Community Guidelines.

Details: